| 000 | 00570nam a2200193Ia 4500 | ||
|---|---|---|---|
| 001 | 15553 | ||
| 003 | GE_BSU | ||
| 008 | 181216s||||||||xx |||||||||||||| ||und|| | ||
| 040 | _cGE_BSU | ||
| 100 | _aძნელაძე, გ. | ||
| 245 | _aლექსები | ||
| 245 | _cრედ.კ.ბობოხიძე. მხატვ.ო.ჯიშკარიანი | ||
| 260 | _aთბილისი | ||
| 260 | _bსაბჭ. საქართველო | ||
| 260 | _c1963 | ||
| 300 | _a86გვ .16სმ. | ||
| 653 | _aლექსები | ||
| 942 | _cBK | ||
| 999 |
_c48653 _d48653 |
||